|
|
|
|
| LEADER |
00000cam a2200000 7i4500 |
| 001 |
0000026749 |
| 005 |
20241115.0 |
| 008 |
160224 ohua eng |
| 020 |
|
|
|a 9781598441758
|
| 040 |
|
|
|a INS
|b eng
|e rda
|
| 090 |
0 |
0 |
|a HD1387
|b .R4284 2011
|
| 245 |
1 |
0 |
|a Residential site valuation & cost approach
|c Hondros Learning
|
| 250 |
|
|
|a Second edition
|
| 264 |
|
1 |
|a Ohio :
|b Hondros learning
|c 2011
|
| 300 |
|
|
|a viii,123 pages :
|b illustrations ;
|c 28 cm.
|
| 336 |
|
|
|a text
|2 rdacontent
|
| 337 |
|
|
|a unmediated
|2 rdamedia
|
| 338 |
|
|
|a volume
|2 rdacarrier
|
| 500 |
|
|
|a Includes index
|
| 650 |
|
0 |
|a Real property
|x Valuation
|
| 710 |
2 |
|
|a Hondros Learning,
|e issuing body
|
| 999 |
|
|
|a 1000002580
|b BOOK
|c Open Shelf
|e Default branch
|